تحميل...

Bhakti and power : debating India's religion of the heart /

التفاصيل البيبلوغرافية
مؤلفون آخرون: Hawley, John Stratton (المحرر), Novetzke, Christian Lee (المحرر), Sharma, Swapna (المحرر)
التنسيق: Printed Book
اللغة:English
الطبعة:1st edition.
سلاسل:Global South Asia
الموضوعات:
LEADER 01568cam a2200337 i 4500
008 190222s2019 wau b 001 0 eng
999 |c 346110  |d 346110 
010 |a  2018046958 
020 |a 9780295745510 (hardcover : alk. paper) 
020 |a 9780295745503 (pbk. : alk. paper) 
042 |a pcc 
043 |a a-ii--- 
082 0 0 |a 294  |2 23 
245 0 0 |a Bhakti and power :  |b debating India's religion of the heart /  |c edited by John Stratton Hawley, Christian Lee Novetzke, and Swapna Sharma. 
250 |a 1st edition. 
300 |a pages cm. 
490 0 |a Global South Asia 
504 |a Includes bibliographical references and index. 
650 0 |a Bhakti. 
650 0 |a Bhakti in literature. 
650 0 |a Religion and politics  |z India. 
700 1 |a Hawley, John Stratton,  |e editor. 
700 1 |a Novetzke, Christian Lee,  |e editor. 
700 1 |a Sharma, Swapna,  |e editor. 
942 |c BK 
263 |a 1905 
776 0 8 |i Online version:  |t Bhakti and power  |b 1st edition.  |d Seattle : University of Washington Press, [2019]  |z 9780295745527  |w (DLC) 2019009544 
906 |a 7  |b cbc  |c orignew  |d 1  |e ecip  |f 20  |g y-gencatlg 
955 |b cg06 2019-02-22 telework  |c cg06 2019-02-22 telework  |a cg06 2019-02-26 telework to Dewey  |a rk20 2019-11-29 book received in ART 
952 |0 0  |1 0  |2 ddc  |4 0  |6 294_000000000000000_HAW_B  |7 0  |9 398460  |a HIS  |b HIS  |c PROC  |d 2019-12-05  |i 26360  |l 1  |o 294 HAW/B  |p HIS26360  |r 2021-09-08  |s 2021-08-10  |y BK 
952 |0 0  |1 0  |2 ddc  |4 0  |6 E_294_000000000000000_HAW_B  |7 0  |9 399634  |a MAL  |b MAL  |c ST1  |d 2019-12-26  |g 875.00  |i 40537  |l 0  |o E 294 HAW/B  |p MAL40537  |r 2019-12-26  |w 2019-12-26  |y BK